[Event "BEL-chT 2223"]
[Site "Belgium"]
[Date "2023.01.29"]
[Round "6.2"]
[White "De Smedt, Mark"]
[Black "De Vleeschauwer, Maarten"]
[Result "1/2-1/2"]
[WhiteElo "1930"]
[BlackElo "2266"]
[PlyCount "162"]
[EventDate "2022.09.25"]
[EventType "team-tourn"]
[EventRounds "11"]
[EventCountry "BEL"]
[SourceTitle "CBM 213 Extra"]
[Source "ChessBase"]
[SourceDate "2023.05.31"]
[SourceVersion "1"]
[SourceVersionDate "2023.05.31"]
[SourceQuality "1"]
[WhiteTeam "Brasschaat"]
[BlackTeam "Wetteren"]
[WhiteTeamCountry "BEL"]
[BlackTeamCountry "BEL"]

1. e4 c5 2. Nc3 Nc6 3. Bb5 Nd4 4. Bc4 e6 5. Nge2 Ne7 6. Nxd4 cxd4 7. Ne2 Nc6 8. d3 b5 9. Bb3 Qb6 10. c3 a5 11. 0-0 a4 12. Bc2 Be7 13. Kh1 Bb7 14. a3 Rc8 15. f4 0-0 16. Qe1 f5 17. Bd2 Bf6 18. Qf2 Qa5 19. e5 Be7 20. Nxd4 Nxd4 21. cxd4 Qa8 22. Bd1 Rc7 23. Re1 Rfc8 24. Kg1 Bd5 25. Be3 g6 26. Kf1 Kg7 27. Bd2 h6 28. Be3 Kf7 29. Bf3 Bxf3 30. Qxf3 Qxf3+ 31. gxf3 Rc2 32. Rac1 Ke8 33. Rxc2 Rxc2 34. Re2 Rxe2 35. Kxe2 Kd8 36. Kd2 Kc7 37. d5 exd5 38. Kc3 Kc6 39. Bd2 Bc5 40. d4 Be7 41. b4 Kc7 42. Kd3 Kd8 43. Ke2 Ke8 44. Kf1 Kf7 45. Kg2 Bh4 46. Kf1 Bd8 47. Kg2 Bb6 48. Be3 Ke6 49. Kf1 d6 50. exd6 Kxd6 51. Kg2 Bd8 52. Bd2 Ke6 53. Kf1 Bf6 54. Be3 Kf7 55. Kg2 Be7 56. Bd2 Bf6 57. Be3 g5 58. fxg5 hxg5 59. Kg1 Kg6 60. Kg2 Kh5 61. Bf2 Be7 62. Be3 Bd6 63. Bd2 Bf8 64. Be3 Bh6 65. Bd2 Bg7 66. Be3 Bf6 67. Bf2 Bd8 68. Be3 Bc7 69. Bd2 g4 70. f4 Bd8 71. Be1 Be7 72. Bf2 Bf6 73. Kf1 Bd8 74. Kg2 Bh4 75. Bg3 Be7 76. Bf2 Bd6 77. Kg3 Bc7 78. Be3 Bd8 79. Kg2 Bf6 80. Bf2 Bh4 81. Bg3 Be7 1/2-1/2

[Event "Pula op 34th"]
[Site "Pula"]
[Date "2022.06.23"]
[Round "7"]
[White "Nikcevic, Nebojsa"]
[Black "De Vleeschauwer, Maarten"]
[Result "1-0"]
[WhiteElo "2387"]
[BlackElo "2255"]
[PlyCount "61"]
[EventDate "2022.06.18"]
[EventType "swiss"]
[EventRounds "9"]
[EventCountry "CRO"]
[SourceTitle "CBM 209 Extra"]
[Source "ChessBase"]
[SourceDate "2022.09.30"]
[SourceVersion "1"]
[SourceVersionDate "2022.09.30"]
[SourceQuality "1"]

1. c4 c6 2. Nf3 d5 3. e3 Nf6 4. Nc3 e6 5. d4 Nbd7 6. Bd3 dxc4 7. Bxc4 b5 8. Bd3 Bb7 9. e4 b4 10. Na4 c5 11. e5 Nd5 12. 0-0 cxd4 13. Nxd4 Nxe5 14. Bb5+ Nd7 15. Re1 Rc8 16. Qh5 g6 17. Qh3 a6 18. Bg5 Be7 19. Bxe7 Nxe7 20. Nxe6 fxe6 21. Bxd7+ Qxd7 22. Nb6 Qc6 23. Rxe6 Qc5 24. Qh4 Rc6 25. Na4 Qxf2+ 26. Qxf2 Rxe6 27. Nc5 Rf8 28. Qg3 Rb6 29. Qc7 Rc6 30. Qd7+ Kf7 31. Nxb7 1-0

[Event "Cappelle op 38th"]
[Site "Cappelle la Grande"]
[Date "2022.02.12"]
[Round "1"]
[White "De Vleeschauwer, Maarten"]
[Black "Nikolov, Momchil"]
[Result "0-1"]
[WhiteElo "2204"]
[BlackElo "2501"]
[PlyCount "64"]
[EventDate "2022.02.12"]
[EventType "swiss"]
[EventRounds "9"]
[EventCountry "FRA"]
[SourceTitle "CBM 206 Extra"]
[Source "ChessBase"]
[SourceDate "2022.03.31"]
[SourceVersion "1"]
[SourceVersionDate "2022.03.31"]
[SourceQuality "1"]

1. e4 c5 2. d4 cxd4 3. c3 dxc3 4. Nxc3 Nc6 5. Nf3 e6 6. Bc4 a6 7. 0-0 Nge7 8. Bg5 f6 9. Be3 b5 10. Bb3 Na5 11. Re1 Nxb3 12. Qxb3 Nc6 13. Nd5 Na5 14. Qd3 exd5 15. exd5 Kf7 16. d6 Bb7 17. Rac1 g6 18. Rc7 Bxf3 19. gxf3 Nc4 20. Bc5 Kg7 21. Qd5 Rc8 22. Qb7 Qxc7 23. dxc7 Bxc5 24. Rc1 Rhe8 25. b3 Nd6 26. Qd5 Re5 27. Qd1 Rxc7 28. Rxc5 Rcxc5 29. Qxd6 Rcd5 30. Qxa6 Rd1+ 31. Kg2 Rg5+ 32. Kh3 Rdg1 0-1

[Event "Paleochora op 14th"]
[Site "Paleochora"]
[Date "2021.07.27"]
[Round "6"]
[White "Alexakis, Dimitris"]
[Black "De Vleeschauwer, Maarten"]
[Result "1-0"]
[WhiteElo "2450"]
[BlackElo "2198"]
[PlyCount "43"]
[EventDate "2021.07.23"]
[EventType "swiss"]
[EventRounds "9"]
[EventCountry "GRE"]
[SourceTitle "EXT 2022"]
[Source "ChessBase"]
[SourceDate "2021.10.06"]
[SourceVersion "1"]
[SourceVersionDate "2021.10.06"]
[SourceQuality "1"]

1. e4 e5 2. Bc4 Nc6 3. d3 Bc5 4. c3 Nf6 5. Qe2 0-0 6. Nf3 d5 7. Bb3 a5 8. Bg5 dxe4 9. dxe4 a4 10. Bc4 Qd6 11. 0-0 h6 12. Rd1 Bxf2+ 13. Kf1 Qc5 14. Bxf6 gxf6 15. Rd5 Qe3 16. Qxf2 Qxe4 17. Nbd2 Qf4 18. g3 Qg4 19. Re1 Bf5 20. Kg1 Rae8 21. Nh4 Be6 22. Ne4 1-0

[Event "Paleochora op 14th"]
[Site "Paleochora"]
[Date "2021.07.26"]
[Round "5"]
[White "De Vleeschauwer, Maarten"]
[Black "Nevednichy, Vladislav"]
[Result "1-0"]
[WhiteElo "2198"]
[BlackElo "2518"]
[PlyCount "65"]
[EventDate "2021.07.23"]
[EventType "swiss"]
[EventRounds "9"]
[EventCountry "GRE"]
[SourceTitle "EXT 2022"]
[Source "ChessBase"]
[SourceDate "2021.10.06"]
[SourceVersion "1"]
[SourceVersionDate "2021.10.06"]
[SourceQuality "1"]

1. e4 c5 2. d4 cxd4 3. c3 dxc3 4. Nxc3 Nc6 5. Nf3 e6 6. Bc4 a6 7. 0-0 b5 8. Bb3 Na5 9. Bd5 Bb7 10. Bxb7 Nxb7 11. Bf4 Ne7 12. Rc1 Rc8 13. Bg3 Nc6 14. Re1 Be7 15. a4 bxa4 16. Nd5 Qa5 17. Ne5 exd5 18. exd5 Na7 19. Nc4 Qb4 20. d6 Rxc4 21. Qe2 0-0 22. Rxc4 Bxd6 23. Rxb4 Bxb4 24. Rd1 Nb5 25. Qe4 a3 26. Qxb4 axb2 27. Qxb2 d6 28. Qb4 Rd8 29. h3 h6 30. Rd5 Nc5 31. Qxc5 dxc5 32. Rxd8+ Kh7 33. Rc8 1-0

[Event "Wch U20 56th"]
[Site "Tarvisio"]
[Date "2017.11.14"]
[Round "2"]
[White "De Vleeschauwer, Maarten"]
[Black "Jarmula, Lukasz"]
[Result "0-1"]
[WhiteElo "2139"]
[BlackElo "2470"]
[PlyCount "80"]
[EventDate "2017.11.13"]
[EventType "swiss"]
[EventRounds "11"]
[EventCountry "ITA"]
[SourceTitle "CBM 181 Extra"]
[Source "ChessBase"]
[SourceDate "2017.12.12"]
[SourceVersion "1"]
[SourceVersionDate "2017.12.12"]
[SourceQuality "1"]

1. e4 e6 2. d4 d5 3. Nc3 Bb4 4. exd5 exd5 5. Bd3 Nc6 6. Nge2 Nge7 7. 0-0 Bf5 8. Ng3 Bxd3 9. Qxd3 Qd7 10. Nce2 h5 11. c4 h4 12. cxd5 Qxd5 13. Ne4 h3 14. Nf4 Qf5 15. Ng3 Qxd3 16. Nxd3 0-0-0 17. Be3 hxg2 18. Kxg2 Ba5 19. Ne5 Nxe5 20. dxe5 Ng6 21. f4 Bd2 22. Kf3 Rxh2 23. Rh1 Rxh1 24. Rxh1 Rd3 25. Nf5 Bxe3 26. Nxe3 Rd4 27. Ng2 Nf8 28. Rh8 Rd8 29. Rh1 Ne6 30. f5 Nd4+ 31. Ke4 Nc6 32. Rh7 Rd4+ 33. Ke3 Rg4 34. e6 fxe6 35. fxe6 Kd8 36. Nf4 Ke7 37. Ke4 Kf6 38. Kf3 Kf5 39. Rh5+ g5 40. Nd3 Nd4+ 0-1

[Event "Vlissingen HZ op 19th"]
[Site "Vlissingen"]
[Date "2015.08.06"]
[Round "7"]
[White "Voege, Tobias"]
[Black "De Vleeschauwer, Maarten"]
[Result "1-0"]
[WhiteElo "2191"]
[BlackElo "2002"]
[PlyCount "81"]
[EventDate "2015.08.01"]
[EventType "swiss"]
[EventRounds "9"]
[EventCountry "NED"]
[SourceTitle "CBM 167 Extra"]
[Source "ChessBase"]
[SourceDate "2015.09.14"]
[SourceVersion "1"]
[SourceVersionDate "2015.09.14"]
[SourceQuality "1"]

1. c4 e5 2. g3 Nc6 3. Bg2 d6 4. Nc3 f5 5. e3 Nf6 6. Nge2 Be7 7. d4 0-0 8. 0-0 Qe8 9. f4 e4 10. d5 Nb4 11. Bd2 Nd3 12. Nc1 Nxc1 13. Rxc1 a5 14. Nb5 Bd8 15. Bc3 Nd7 16. Rf2 Nc5 17. Bf1 Bd7 18. Nd4 Bf6 19. b3 b6 20. a3 Qf7 21. Rb1 a4 22. b4 Bxd4 23. Bxd4 Nb3 24. Bb2 Qg6 25. Rg2 Qg4 26. Be2 Qh3 27. Qc2 Be8 28. Qc3 Rf7 29. g4 Qh6 30. gxf5 Kh8 31. Kh1 Bd7 32. Rbg1 Rg8 33. f6 g6 34. Bd1 Re8 35. Qe1 Kg8 36. Bg4 Bxg4 37. Rxg4 b5 38. Rh4 Qf8 39. cxb5 Rb8 40. f5 Rxf6 41. Qc3 1-0

[Event "Brasschaat op 14th"]
[Site "Brasschaat"]
[Date "2014.08.18"]
[Round "3"]
[White "De Vleeschauwer, Maarten"]
[Black "Capone, Nicola"]
[Result "1/2-1/2"]
[WhiteElo "1989"]
[BlackElo "2233"]
[PlyCount "77"]
[EventDate "2014.08.16"]
[EventType "swiss"]
[EventRounds "9"]
[EventCountry "BEL"]
[SourceTitle "CBM 161 Extra"]
[Source "ChessBase"]
[SourceDate "2014.08.29"]
[SourceVersion "1"]
[SourceVersionDate "2014.08.29"]
[SourceQuality "1"]

1. e4 c5 2. Nc3 a6 3. f4 Nc6 4. Nf3 d6 5. d3 g6 6. Be2 Bg7 7. 0-0 Nf6 8. Qe1 0-0 9. Qh4 Nd4 10. Bd1 Bg4 11. Nxd4 cxd4 12. Bxg4 dxc3 13. b3 Nxg4 14. Qxg4 Qc8 15. Qf3 b5 16. a4 Qc6 17. Be3 f5 18. exf5 Qxf3 19. Rxf3 gxf5 20. d4 d5 21. Bf2 b4 22. Re1 Ra7 23. Kf1 Kf7 24. Ke2 Bf6 25. Rh3 Rh8 26. Kd3 a5 27. Ree3 h5 28. Bh4 Ra6 29. Reg3 Re6 30. Bxf6 exf6 31. Re3 Rxe3+ 32. Rxe3 Rg8 33. Re2 h4 34. Ke3 Re8+ 35. Kf3 Rg8 36. Re1 Rg4 37. Re2 h3 38. g3 Rg8 39. Re1 1/2-1/2

[Event "Vlissingen HZ op 18th"]
[Site "Vlissingen"]
[Date "2014.08.09"]
[Round "9"]
[White "De Vleeschauwer, Maarten"]
[Black "Lacrosse, Marc"]
[Result "0-1"]
[WhiteElo "1989"]
[BlackElo "2174"]
[PlyCount "54"]
[EventDate "2014.08.02"]
[EventType "swiss"]
[EventRounds "9"]
[EventCountry "NED"]
[SourceTitle "CBM 161 Extra"]
[Source "ChessBase"]
[SourceDate "2014.08.29"]
[SourceVersion "1"]
[SourceVersionDate "2014.08.29"]
[SourceQuality "1"]

1. e4 e5 2. Nf3 Nc6 3. Bc4 Bc5 4. c3 Nf6 5. d3 a6 6. Bb3 Ba7 7. Nbd2 0-0 8. Qe2 h6 9. Nf1 d5 10. Ng3 Be6 11. Bc2 Qd6 12. h3 Rfe8 13. Nh4 Ne7 14. Qf3 Nh7 15. Nh5 g5 16. Nf5 Nxf5 17. exf5 e4 18. dxe4 dxe4 19. Qg4 Bd7 20. 0-0 Qe5 21. Bf4 Qxf5 22. Qxf5 Bxf5 23. Bxc7 Bg6 24. Ng3 Rac8 25. Bd6 Rc6 26. Ba3 e3 27. Bb3 exf2+ 0-1

[Event "BEL-ch U20"]
[Site "Blankenberge"]
[Date "2014.04.17"]
[Round "7"]
[White "De Vleeschauwer, Maarten"]
[Black "Capone, Nicola"]
[Result "0-1"]
[WhiteElo "2028"]
[BlackElo "2118"]
[PlyCount "92"]
[EventDate "2014.04.13"]
[EventType "tourn"]
[EventRounds "9"]
[EventCountry "BEL"]
[SourceTitle "EXT 2015"]
[Source "ChessBase"]
[SourceDate "2014.11.20"]
[SourceVersion "1"]
[SourceVersionDate "2014.11.20"]
[SourceQuality "1"]

1. e4 c5 2. d4 cxd4 3. c3 dxc3 4. Nxc3 e6 5. Nf3 Nc6 6. Bc4 Qc7 7. 0-0 Nf6 8. Nb5 Qb8 9. e5 a6 10. exf6 axb5 11. Bxb5 gxf6 12. Bd2 Bg7 13. Bc3 0-0 14. Re1 d5 15. Re3 Qd6 16. Nh4 Qf4 17. g3 Qd6 18. Qh5 Ne5 19. Rd1 Ng6 20. a3 Rd8 21. Bd3 d4 22. Bb1 Qb6 23. Red3 e5 24. Ba2 Be6 25. Bxe6 fxe6 26. Bb4 Nxh4 27. Qxh4 Rd7 28. Rc1 Rc7 29. Rcd1 Qc6 30. g4 Qe4 31. Qg3 Rac8 32. f3 Qg6 33. f4 exf4 34. Qxf4 e5 35. Qf5 Qxf5 36. gxf5 Rc1 37. Kf2 R8c2+ 38. R1d2 Bh6 39. Rxc2 Rxc2+ 40. Kf3 Rxb2 41. h3 Be3 42. Ke4 Kf7 43. Kd5 Rf2 44. Bd6 Rxf5 45. Rb3 b5 46. Ke4 Ke6 0-1

[Event "BEL-ch U20"]
[Site "Blankenberge"]
[Date "2014.04.15"]
[Round "4"]
[White "De Vleeschauwer, Maarten"]
[Black "Real, Thibault"]
[Result "1/2-1/2"]
[WhiteElo "2028"]
[BlackElo "2030"]
[PlyCount "52"]
[EventDate "2014.04.13"]
[EventType "tourn"]
[EventRounds "9"]
[EventCountry "BEL"]
[SourceTitle "EXT 2015"]
[Source "ChessBase"]
[SourceDate "2014.11.20"]
[SourceVersion "1"]
[SourceVersionDate "2014.11.20"]
[SourceQuality "1"]

1. e4 c5 2. d4 cxd4 3. c3 dxc3 4. Nxc3 Nc6 5. Nf3 d6 6. Bc4 e6 7. 0-0 Be7 8. Qe2 Nf6 9. Rd1 e5 10. h3 0-0 11. a3 Be6 12. Bxe6 fxe6 13. Be3 a6 14. b4 h6 15. Qa2 Kf7 16. Rac1 Rc8 17. Qb1 Kg8 18. a4 Qe8 19. b5 Na5 20. bxa6 bxa6 21. Qb6 Nc4 22. Qxa6 Nb2 23. Rf1 Ra8 24. Qb7 Rb8 25. Qa6 Ra8 26. Qb7 Rb8 1/2-1/2

[Event "EU-ch U16 23rd"]
[Site "Budva"]
[Date "2013.10.03"]
[Round "5"]
[White "Sorin, Ilya"]
[Black "De Vleeschauwer, Maarten"]
[Result "0-1"]
[WhiteElo "1672"]
[BlackElo "2038"]
[PlyCount "122"]
[EventDate "2013.09.29"]
[EventType "swiss"]
[EventRounds "9"]
[EventCountry "MNE"]
[SourceTitle "CBM 156 Extra"]
[Source "ChessBase"]
[SourceDate "2013.10.22"]
[SourceVersion "1"]
[SourceVersionDate "2013.10.22"]
[SourceQuality "1"]

1. e4 c5 2. Nf3 e6 3. d4 cxd4 4. Nxd4 Nc6 5. Nc3 Qc7 6. Ndb5 Qb8 7. Be3 a6 8. Bb6 axb5 9. Nxb5 Bb4+ 10. c3 Ba5 11. Nc7+ Qxc7 12. Bxc7 Bxc7 13. Be2 Nf6 14. f3 d5 15. exd5 Nxd5 16. Qd2 Bb6 17. Bb5 0-0 18. g3 Nd4 19. Qd3 Nb3 20. Rb1 Nc5 21. Qe2 Bd7 22. Bxd7 Nxd7 23. a3 Ra5 24. Rd1 N7f6 25. Rd3 e5 26. Kd1 e4 27. fxe4 Re8 28. exd5 Rxe2 29. Kxe2 Rxd5 30. Rxd5 Nxd5 31. Rd1 Nf6 32. b4 Kf8 33. c4 Ke7 34. Kf3 Bc7 35. Re1+ Kd7 36. Rd1+ Kc6 37. Re1 Nd7 38. Re4 Be5 39. Re2 f6 40. Ke4 Nb6 41. Rc2 Na4 42. Rd2 g6 43. Rd8 Bb2 44. Ra8 Nb6 45. Ra5 Nd7 46. g4 b6 47. Ra7 Ne5 48. b5+ Kd6 49. Rxh7 Bxa3 50. Rb7 Bc5 51. Rh7 Nxg4 52. h3 Ne5 53. Rh6 Ke6 54. h4 f5+ 55. Kf4 Be3+ 56. Kxe3 Ng4+ 57. Kf4 Nxh6 58. h5 gxh5 59. Kg5 Ke5 60. Kxh5 Nf7 61. Kh4 Nd6 0-1

[Event "EU-ch U16 23rd"]
[Site "Budva"]
[Date "2013.10.01"]
[Round "3"]
[White "Syvalahti, Timo"]
[Black "De Vleeschauwer, Maarten"]
[Result "0-1"]
[WhiteElo "1708"]
[BlackElo "2038"]
[PlyCount "62"]
[EventDate "2013.09.29"]
[EventType "swiss"]
[EventRounds "9"]
[EventCountry "MNE"]
[SourceTitle "CBM 156 Extra"]
[Source "ChessBase"]
[SourceDate "2013.10.22"]
[SourceVersion "1"]
[SourceVersionDate "2013.10.22"]
[SourceQuality "1"]

1. d4 c5 2. d5 g6 3. e4 d6 4. Nc3 Bg7 5. Bb5+ Bd7 6. a4 Nf6 7. Nf3 0-0 8. 0-0 Bg4 9. h3 Bxf3 10. Qxf3 Na6 11. Bg5 Nc7 12. Rfe1 Nd7 13. Qe2 a6 14. Bc4 b6 15. f4 Re8 16. Rad1 Qb8 17. Qg4 Bd4+ 18. Rxd4 cxd4 19. Qxd7 dxc3 20. Bxe7 cxb2 21. Rb1 b5 22. Bxd6 Qa7+ 23. Kh2 bxc4 24. Bxc7 Qd4 25. Be5 Qxe4 26. Rxb2 Rxe5 27. fxe5 Qxe5+ 28. Kh1 Qxb2 29. Qc6 Qc1+ 30. Kh2 Qf4+ 31. Kh1 Rb8 0-1